Science Quiz

Random Science or Animal Quiz

S-P-O-R-C-L-E Fauna Images Quiz Stats

Quiz Updated Dec 6, 2015

Challenge
Share
Tweet
Score 0/21 Timer 04:00
10 Plays Today
% Correct
swan
99.5%
penguin
99%
panda
98.5%
elephant
98%
camel
98%
crab
97.6%
seahorse
97.5%
octopus
96.9%
raccoon
96.5%
lobster
96.3%
llama
95%
% Correct
sloth
94%
orangutan
92.1%
ray
91.8%
eel
88.9%
puffer fish
88.1%
robin
86.1%
cardinal
82.5%
oriole
70.4%
egret
65.9%
loon
57.2%

You're not logged in!

Compare scores with friends on all Sporcle quizzes.
Sign Up with Email
OR
Log In

You Might Also Like...

Show Comments

Extras

Top Quizzes Today


Score Distribution

Your Account Isn't Verified!

In order to create a playlist on Sporcle, you need to verify the email address you used during registration. Go to your Sporcle Settings to finish the process.